000
00218nam a22001097a 4500
999
_c
12923
_d
12923
082
_a
891.439
100
_a
Dhool, Mushtaq Ahmed
245
_a
Shanakht
260
_a
Pakistan
_c
2015
300
_a
320 pages.
942
_c
BK